| 000 | 01433cam a2200301 a 4500 | ||
|---|---|---|---|
| 020 | _a9789280729030 (UNEP) | ||
| 020 | _a9280729039 (UNEP) | ||
| 020 | _a9789251062647 (FAO) | ||
| 020 | _a9251062641 (FAO) | ||
| 040 | _cBTCTA | ||
| 082 | _aUNE VIT 2009 C132 Or. | ||
| 245 | 0 | 0 | _aVital forest graphics. |
| 260 |
_aNairobi, Kenya : _bUNEP, _cc2009. |
||
| 300 |
_a69 p. : _bcol. ill., col. maps ; _c30 cm. |
||
| 500 | _aCover title. | ||
| 500 | _a"Produced by UNEP/GRID-Arendal"--P. [2] of cover. | ||
| 520 | _aThis publication provides an overview of the global trends in forest cover. It looks specifically at the four largest forest ecosystems and analyzes the trends and challenges in their conservation and management. It examines some of the key drivers behind forest loss, including the increasing demand for commodities and energy. Finally, it reviews some of the best practices for sustainable management of forest, including regulatory regimes, participatory management and economic incentives.--Publisher's description. | ||
| 650 | 0 | _aForests and forestry | |
| 650 | 0 | _aForests and forestry. | |
| 650 | 0 | _aForest declines | |
| 650 | 0 | _aForest declines. | |
| 650 | 0 | _aForest ecology. | |
| 650 | 0 | _aForest management. | |
| 710 | 2 | _aUnited Nations Environment Programme. | |
| 710 | 2 | _aGRID--Arendal. | |
| 856 | 4 | 1 | _uhttp://www.grida.no/_res/site/file/publications/vital_forest_graphics.pdf |
| 942 | _cAEDBB | ||
| 999 |
_c20949 _d20949 |
||